15 najludniejszych państw Afryki - Statystyki

Ogólne statystyki
  • Ten quiz został rozwiązany 82 razy
    69 od ostatniego zresetowania
  • Średni wynik to 13 z 15
Statystyki odpowiedzi
Ludność Państwo % Poprawnych
206,100,000 Nigeria
100%
102,300,000 Egipt
98%
43,850,000 Algieria
94%
89,560,000 Demokratyczna republika konga
94%
59,310,000 Republika południowej afryki
94%
53,770,000 Kenia
90%
36,910,000 Maroko
89%
43,850,000 Sudan
89%
115,000,000 Etiopia
86%
59,730,000 Tanzania
83%
32,870,000 Angola
76%
45,740,000 Uganda
75%
31,070,000 Ghana
71%
27,690,000 Madagaskar
70%
31,260,000 Mozambik
68%
Nie znaleziono quizów pasujących do podanych kryteriów
Rozkład punktacji
Procent ludzi z każdym wynikiem
Percentyl według liczby udzielonych odpowiedzi
Twoja historia wyników
Nie rozwiązałeś tego quizu od ostatniego zresetowania